000 00482nam a2200145 a 4500
008 120416s0000 ||||||||||||||||| || u
020 _a0582406099
050 _aTA 439 Bak
100 _aBaker, Ted
245 1 0 _aMaking and placing concrete
260 _aLondon
_bConstruction P
_c1985
300 _aviii, 162p. : ill
350 _a0.00
995 _D0.00
_FCBU-MAIN LIBRARY (Kitwe)
_H1
_I7.50
_UDAMAGED
_ZMain Library Open Access Collection
999 _c49716
_d49716